Making College Pay: How to Earn Money While You're Still in School (Record no. 221258)
[ view plain ]
| 000 -LEADER | |
|---|---|
| fixed length control field | 00759nam a22002537a 4500 |
| 005 - DATE AND TIME OF LATEST TRANSACTION | |
| control field | 20220516115355.0 |
| 008 - FIXED-LENGTH DATA ELEMENTS--GENERAL INFORMATION | |
| fixed length control field | 220120b ||||| |||| 00| 0 eng d |
| 020 ## - INTERNATIONAL STANDARD BOOK NUMBER | |
| International Standard Book Number | 0201108208 |
| 040 ## - CATALOGING SOURCE | |
| Transcribing agency | AL |
| 041 ## - LANGUAGE CODE | |
| Language code of text/sound track or separate title | eng |
| 082 ## - DEWEY DECIMAL CLASSIFICATION NUMBER | |
| Edition number | 23 |
| Classification number | 658.11 |
| Item number | CARM |
| 100 ## - MAIN ENTRY--PERSONAL NAME | |
| Personal name | Jon E Carson |
| 100 ## - MAIN ENTRY--PERSONAL NAME | |
| 9 (RLIN) | 37220 |
| 245 ## - TITLE STATEMENT | |
| Title | Making College Pay: How to Earn Money While You're Still in School |
| 260 ## - PUBLICATION, DISTRIBUTION, ETC. | |
| Place of publication, distribution, etc. | Masachusets |
| Name of publisher, distributor, etc. | Addison Wesley Publishing Company |
| Date of publication, distribution, etc. | 1983 |
| 300 ## - PHYSICAL DESCRIPTION | |
| Extent | x,229 p. |
| Other physical details | PB |
| Dimensions | 21x13 cm. |
| 650 ## - SUBJECT ADDED ENTRY--TOPICAL TERM | |
| Topical term or geographic name entry element | Management |
| 9 (RLIN) | 13856 |
| 650 ## - SUBJECT ADDED ENTRY--TOPICAL TERM | |
| Topical term or geographic name entry element | New Business Enterprises |
| 9 (RLIN) | 13857 |
| 650 ## - SUBJECT ADDED ENTRY--TOPICAL TERM | |
| Topical term or geographic name entry element | Student Business |
| 9 (RLIN) | 13858 |
| 650 ## - SUBJECT ADDED ENTRY--TOPICAL TERM | |
| Topical term or geographic name entry element | Marketing |
| 9 (RLIN) | 13859 |
| 650 ## - SUBJECT ADDED ENTRY--TOPICAL TERM | |
| Topical term or geographic name entry element | Getting a Job |
| 9 (RLIN) | 13860 |
| 650 ## - SUBJECT ADDED ENTRY--TOPICAL TERM | |
| Topical term or geographic name entry element | Keys to Success |
| 9 (RLIN) | 13861 |
| 700 ## - ADDED ENTRY--PERSONAL NAME | |
| Personal name | CARSON (Jon E) |
| 9 (RLIN) | 13862 |
| 942 ## - ADDED ENTRY ELEMENTS (KOHA) | |
| Source of classification or shelving scheme | Dewey Decimal Classification |
| Koha item type | George Fernandes Collections |
| Withdrawn status | Lost status | Source of classification or shelving scheme | Damaged status | Not for loan | Collection code | Home library | Current library | Date acquired | Total Checkouts | Full call number | Barcode | Date last seen | Price effective from | Koha item type |
|---|---|---|---|---|---|---|---|---|---|---|---|---|---|---|
| Dewey Decimal Classification | Management | St Aloysius Library | St Aloysius Library | 03/24/2013 | 658.11 CARM | GF01639 | 01/20/2022 | 01/20/2022 | George Fernandes Collections |